1804 1915 1410 1368 1957 1677 1854 1393 1910 1669 1045 1381 1501 1025 1534 1103 1362 1986 1930 1075 1943 1048 1052 1705 1682 1357 1682 1044 1780 1970 1155 1652 1090 1288 1991 1907 1115 1729 1396 1129 1808 1806 1226 1673 1919 1320 1715 1591 1609 1825 1242 1533 1686 1526 1695 1160 1143 1992 1816 1376 1307 1809 1668 1827 1278 1877 1382 1878 1671 1149 1059 1868 1275 1573 1524 1826 1645 1854 1033 1590 1332 1831 1877 1782 1113 1912 1240 1376 1638 1607 1898 1994 1066 1856 1528 1411 1913 1574 1952 BCNSPRNW ULIB Ver.6.0+V

เปลี่ยนเป็นภาษาไทย

Change to English
 แสดงรายละเอียดบรรณานุกรม
  กลับหน้าหลัก

Brief Record : Get Marc (ISO 2709) : E-mail record : QR code < ปิดหน้าต่าง
LEADER : 00000nam 2200000uu 4500
001    13399129203
003     ULIB
008    260511s2568||||th 000 0 tha d
020    ^a9786166035629
060  0 ^aWY160^bว448ส
100 0  ^aวัลลภา อันดารา.
245 1  ^aสัมพันธภาพและการสื่อสารระหว่างพยาบาลกับผู้ป่วยจิตเวช /^cวัลลภา อันดารา.
246 3  ^aความท้าทายสำหรับพยาบาลจิตเวช
250    ^aพิมพ์ครั้งที่ 2.
260    ^aกรุงเทพฯ :^bซี.ที.เค. พริ้นท์ติ้ง,^c2568
300    ^a206 หน้า :^bภาพประกอบ.
505 0  ^aบทที่ 1 สัมพันธภาพเพื่อการบำบัด -- บทที่ 2 ระยะของสัมพันธภาพเพื่อการบำบัด -- บทที่ 3 ปัญหาการสร้างสัมพันธภาพเพื่อการบำบัดและการแก้ไข -- บทที่ 4 ลักษณะผู้ป่วยที่เหมาะสมในการสร้างสัมพันธภาพเพื่อการบำบัด -- บทที่ 5 การติดต่อสื่อสารและปัจจัยที่มีผลต่อการสื่อสารเพื่อการบำบัด -- บทที่ 6 การสื่อสารเพื่อการบำบัด -- บทที่ 7 การสื่อสารที่ไม่ใช่การบำบัดและการสื่อสารที่เป็นอุปสรรคต่อการสร้างสัมพันธภาพเพื่อการบำบัด -- บทที่ 8 การบันทึกปฏิสัมพันธ์ -- บทที่ 9 การสื่อสารกับผู้ป่วยจิตเวชและครอบครัว.
505 0  ^aสารบัญ : บทที่ 1 สัมพันธภาพเพื่อการบำบัด -- บทที่ 2 ระยะของสัมพันธภาพเพื่อการบำบัด -- บทที่ 3 ปัญหาการสร้างสัมพันธภาพเพื่อการบำบัดและการแก้ไข -- บทที่ 4 ลักษณะผู้ป่วยที่เหมาะสมในการสร้างสัมพันธภาพเพื่อการบำบัด -- บทที่ 5 การติดต่อสื่อสารและปัจจัยที่มีผลต่อการสื่อสารเพื่อการบำบัด -- บทที่ 6 การสื่อสารเพื่อการบำบัด -- บทที่ 7 การสื่อสารที่ไม่ใช่การบำบัดและการสื่อสารที่เป็นอุปสรรคต่อการสร้างสัมพันธภาพเพื่อการบำบัด -- บทที่ 8 การบันทึกปฏิสัมพันธ์ -- บทที่ 9 การสื่อสารกับผู้ป่วยจิตเวชและครอบครัว
505 2  ^aสัมพันธภาพเพื่อการบำบัด -- ระยะของสัมพันธภาพเพื่อการบำบัด -- ปัญหาการสร้างสัมพันธภาพเพื่อการบำบัดและการแก้ไข -- ลักษณะผู้ป่วยที่เหมาะสมในการสร้างสัมพันธภาพเพื่อการบำบัด -- การติดต่อสื่อสารและปัจจัยที่มีผลต่อการสื่อสารเพื่อการบำบัด -- การสื่อสารเพื่อการบำบัด -- การสื่อสารที่ไม่ใช่การบำบัดและการสื่อสารที่เป็นอุปสรรคต่อการสร้างสัมพันธภาพเพื่อการบำบัด -- การบันทึกปฏิสัมพันธ์ -- การสื่อสารกับผู้ป่วยจิตเวชและครอบครัว.
610    ^aการพยาบาลสุขภาพจิตและจิตเวช.
650  4 ^aการบำบัด
650  4 ^aการพยาบาล^xจิตวิทยา.
650  4 ^aการพยาบาลจิตเวชศาสตร์.
650  4 ^aการสื่อสารทางการพยาบาล.
650  4 ^aการสื่อสารในจิตเวช
650  4 ^aการสื่อสารในจิตเวชศาสตร์.
650  4 ^aการสื่อสารระหว่างบุคคล^xแง่จิตวิทยา.
650  4 ^aเขตพัฒนาพิเศษภาคตะวันออก (อีอีซี).
650  4 ^aบันทึกการพยาบาล.
650  4 ^aผู้ป่วยจิตเวช.
650  4 ^aผู้ป่วยจิตเวช^xการดูแล.
650  4 ^aพยาบาลกับผู้ป่วย
650  4 ^aสัมพันธภาพ.
650  4 ^aสัมพันธภาพระหว่างพยาบาลกับผู้ป่วย.
650  4 ^aสุขภาพจิต^xการพยาบาล
650  4 ^aอุตสาหกรรมการแพทย์ครบวงจร.
650  7 ^aจิตบำบัด
655  4 ^aHealth Sciences Branch.
695    ^aHealth Sciences.
710 2  ^aวิทยาลัยพยาบาลทหารอากาศ.
999    ^aประนอม เกษจรัล
รายการนี้ยังไม่มีแท็ก
คุณยังไม่ได้ล็อกอิน คุณสามารถมีกิจกรรมร่วมกับเว็บไซต์ได้ แต่ต้องล็อกอินก่อน ::
  ล็อกอิน

รายการสื่อสารสนเทศ

ลำดับที่ ประเภท เลขเรียก/บาร์โค้ด สถานที่ สถานะ
1. Book การพยาบาล
หนังสือสำรอง
สถานะ=หนังสือสำรอง
WY160 ว448ส ฉ.1 
  Barcode: 012148
ห้องสมุดวิทยาเขตสวรรค์ประชารักษ์
►หนังสือทั่วไป
บนชั้น
*เพิ่งรับคืน
2. Book การพยาบาล
Book การพยาบาล
WY160 ว448ส ฉ.2 
  Barcode: 012149
ห้องสมุดวิทยาเขตสวรรค์ประชารักษ์
►หนังสือทั่วไป
บนชั้น
*เพิ่งรับคืน
3. Book การพยาบาล
Book การพยาบาล
WY160 ว448ส ฉ.3 
  Barcode: 012150
ห้องสมุดวิทยาเขตสวรรค์ประชารักษ์
►หนังสือทั่วไป
บนชั้น
*เพิ่งรับคืน
4. Book การพยาบาล
Book การพยาบาล
WY160 ว448ส ฉ.4 
  Barcode: 012151
ห้องสมุดวิทยาเขตสวรรค์ประชารักษ์
►หนังสือทั่วไป
บนชั้น
*เพิ่งรับคืน
5. Book การพยาบาล
Book การพยาบาล
WY160 ว448ส ฉ.5 
  Barcode: 012152
ห้องสมุดวิทยาเขตสวรรค์ประชารักษ์
►หนังสือทั่วไป
บนชั้น
*เพิ่งรับคืน

รายการใกล้เคียง
    หัวเรื่อง [การบำบัด]
    หัวเรื่อง [การพยาบาลจิตเวชศาสตร์.]
    หัวเรื่อง [เขตพัฒนาพิเศษภาคตะวันออก (อีอีซี).]
    หัวเรื่อง [ผู้ป่วยจิตเวช การดูแล.]
    หัวเรื่อง [พยาบาลกับผู้ป่วย]
    หัวเรื่อง [อุตสาหกรรมการแพทย์ครบวงจร.]
    หัวเรื่อง [จิตบำบัด]

BibComment


ยังไม่เคยถูกคอมเมนท์

คอมเมนท์ทรัพยากรรายการนี้
  คอมเมนท์: สัมพันธภาพและการ..


 Copyright 2026. Bcnsprnw @Library